Famous Toms - Statistics

General Stats
  • This quiz has been taken 29 times
  • The average score is 10 of 16
Answer Stats
Picture Answer % Correct
Cruise
96%
Hanks
96%
Jefferson
93%
Brady
85%
Selleck
81%
Lee Jones
74%
Hilfiger
70%
Holland
67%
Petty
67%
Hardy
56%
Hiddleston
56%
Green
44%
Arnold
41%
Chong
37%
Felton
30%
Pickles
26%
No matching quizzes found
Score Distribution
Percent of People with Each Score
Percentile by Number Answered
Your Score History
You have not taken this quiz